LEADER 01079nam a2200277 i 4500 001 000000236060 003 CaOOAMICUS 005 20141120000000.0 008 141120s2001 it u000 u ita u 013 $a214964 020 $a88-04-49040-3 040 $aSeMil$bita 100 1 $aJames, Phyllis Dorothy,$d<1920-2014>.$0(OLS)http://semarc/name/26373 240 10$aDeath in holy orders.$0(OLS)http://semarc/title/336418 245 10$aMorte in seminario /$cP. D. James ; traduzione di Annamaria Raffo. 260 $aMilano :$bMondadori,$c2001. 300 $a499 p. ;$c23 cm. 490 0 $aOmnibus 700 1 $aRaffo, Annamaria.$0(OLS)http://semarc/name/77039 830 0$aOmnibus.$0(OLS)http://semarc/title/6831 850 $aSeMil 852 $aSeMil$W1$xVenegono$y1$m1V V 48$j186406$B186406$CSeMilBibl$Z2$F197579 $81 961 $aLascito: Serenthà don Mario 996 $6020$a88-04-49040-3$9(OLS)http://semarc/number/240996 996 $6245$aMorte in seminario$9(OLS)http://semarc/title/336417 996 $6260$aMilano :$bMondadori$9(OLS)http://semarc/publisher/30335 LEADER 01282nam a2200277 i 4500 001 000000088845 003 CaOOAMICUS 005 20181030141503.0 008 030901s1973 it u000 u ita u 013 $a61086 040 $aSeMil$bita 245 12$aL'incontro con Cristo nella Chiesa. Itinerario sacramentale dell'iniziazione cristiana :$bIncontri di catechesi per giovani e adulti. 260 $aRoma :$bCENAC,$c1973. 300 $a271 p. ;$c21 cm. 490 0 $aEvangelizzazione e sacramenti [CENAC] 650 4$aSacramenti.$0(OLS)http://semarc/subject/124 650 4$aCatechesi.$0(OLS)http://semarc/subject/3693 650 4$aGiovani.$0(OLS)http://semarc/subject/6300 650 4$aIniziazione cristiana.$0(OLS)http://semarc/subject/125 650 4$aAdulti.$0(OLS)http://semarc/subject/16089 830 0$aEvangelizzazione e sacramenti [CENAC].$0(OLS)http://semarc/title/419615 850 $aSeMil 852 $aSeMil$W1$xVenegono$y1$m162 1 2.2 *$j52044$B52044$CSeMilBibl$Z2$F56445 $81 996 $6245$aL'incontro con Cristo nella Chiesa. Itinerario sacramentale dell'iniziazione cristiana :$bIncontri di catechesi per giovani e adulti$9(OLS)http://semarc/title/134665 996 $6260$aRoma :$bCENAC$9(OLS)http://semarc/publisher/31516